| 000 | 00425 a2200145 4500 | ||
|---|---|---|---|
| 005 | 20250403151843.0 | ||
| 020 | _a85258 138 6 | ||
| 082 | _a519. 092 BRO | ||
| 100 | _aBROCKINGTON, R. | ||
| 245 | _aStatistics for Accountants and Administrators | ||
| 250 | _a2nd Ed. | ||
| 260 |
_aLondon, _bGee and Co Limited, _c1974. |
||
| 300 |
_a175p.: ill.; chart, figure, graph, map, table. _bIndex. _c22cm. |
||
| 942 |
_2ddc _cBKS |
||
| 999 |
_c1117 _d1117 |
||